000 00214nam a2200097Ia 4500
008 120527s9999 xx 000 0 und d
100 _aSHARPE, M.
245 _aThe sleeping father
260 _bSceptre
942 _cBK
999 _c25687
_d25687